Normal view
MARC view
- الديانات المقارنة- الاسلام والمسيحية- السيرة النبوية
Entry Topical Term
001 - CONTROL NUMBER
- control field: 21093
003 - CONTROL NUMBER IDENTIFIER
- control field: JO-AjAnu
005 - DATE AND TIME OF LATEST TRANSACTION
- control field: 20230606073647.0
008 - FIXED-LENGTH DATA ELEMENTS
- fixed length control field: 230606|| aca||aabn | a|a d
040 ## - CATALOGING SOURCE
- Original cataloging agency: JO-AjAnu
- Transcribing agency: JO-AjAnu
150 ## - HEADING--TOPICAL TERM
- Topical term or geographic name entry element: الديانات المقارنة- الاسلام والمسيحية- السيرة النبوية
670 ## - SOURCE DATA FOUND
- Source citation: Work cat.: (JO-AjAnu)10838: ملكاوي، محمد أحمد محمد, author 21092, بشرية المسيح ونبوة محمد صلى الله عليهما وسلم في نصوص كتب العهدين رد على شبه المنصرين والمستشرقين: وهو القسم الثاني لكتاب المناظرة الكبرى بين العلامة الشيخ رحمت الله والقسيس الدكتور فندر